Elektrické zapojení osobních automobilů 1 Ve schématech

Bibliographic Details
Main Author: Cholevik, Jaroslav (Author)
Format: Book
Language:Undetermined
PhysicalDescription:125 s.
Published: Praha Nakladatelství dopravy a spojů 1975

MARC

LEADER 00000nam a2200000 a 4500
001 vtls001308664
003 SK-MaSNL
005 20260301200013.0
008 240314s1975 xx 0 und
035 |a SNK000260974 
040 |a SNK  |b slo  |c SNK  |e AACR2 
100 1 |a Cholevik, Jaroslav  |4 aut  |9 286050 
245 1 0 |a Elektrické zapojení osobních automobilů 1  |b Ve schématech 
260 |a Praha  |b Nakladatelství dopravy a spojů  |c 1975 
300 |a 125 s. 
958 |a OND 
999 |c 888466  |d 890396 
952 |a SNK  |b SNK  |y NEVYP  |7 0  |p 17A0106782  |o snkIB 33887/1 D1  |0 0  |1 1  |4 0  |d 1997-11-03  |l 0  |r 2005-01-02 00:00:00  |w 2026-02-24